| 000 | 00786nam a22002417a 4500 | ||
|---|---|---|---|
| 003 | BD-DhJNU | ||
| 005 | 20250519054540.0 | ||
| 008 | 250519b |||||||| |||| 00| 0 eng d | ||
| 020 | _a053453757X | ||
| 040 |
_aBD-DhJNU _bENG _cBD-DhJNU _dBD-DhJNU |
||
| 082 |
_223 _a306.8 STM |
||
| 100 | _aStrong, Bryan | ||
| 245 |
_aThe marriage and family experience : _bintimate relationships in a changing society / _cBryan Strong, Christine De Vault and Barbara W. Sayad. |
||
| 250 | _a7th ed | ||
| 260 |
_aBelmont : _bWadsworth Publishing, _c1998. |
||
| 300 |
_avarious pagings : _bill. ; _c26 cm. |
||
| 504 | _aIncludes bibliographies and index | ||
| 650 | _aMarriage | ||
| 650 | _aFamilies | ||
| 700 | _aVault, Christine De | ||
| 700 | _aSayad, Barbara Werner | ||
| 942 |
_2ddc _cBK _n0 |
||
| 999 |
_c1715 _d1715 |
||